The Walking Dead Trivia Game. Season 1-3 Quiz Stats

 Plays Quiz not verified by Sporcle

Challenge
Share
Tweet
Embed
Score 0/46 Timer 10:00
0 Plays Today
Question Answer % Correct
Who is/are the first survivor(s) Rick encounters?Morgan and Duane
90.8%
Who calls Rick a 'Dumbass' after he traps himself in a tank?Glenn
90.8%
Why is Rick in a coma?Shot
88.7%
How does Rick reach Atlanta after running out of gas?Horseback
87.5%
Who is with Glenn in the department store?Andrea,T-dog,Morales,Jacqui and Merle
86.7%
Who is left behind when the group escape in a truck?Merle
86.4%
Which four survivors head back to Atlanta to get Merle?Rick, Glenn, T-dog and Daryl
85.5%
What do they find on the roof where they left Merle?Merle's severed hand
84.7%
Who does Rick find there?Lori and Carl
81.7%
Who lives on the farm with Hershel?His two daughters Maggie and Beth, Otis and his wife Patricia and Jimmy, Beth's boyfriend
78.7%
Who accidentally shoots Carl?Otis
77.7%
Who are the group shocked to see appear out of the barn as a Walker?Sophia
76.6%
Who discovers the Walkers in the barn?Glenn
76.3%
What is the name of Andrea's sister who is also killed?Amy
74.6%
After Rick stabs Shane in the heart, who kills the Walker version of Shane?Carl
74.5%
Who kills Randall?Shane
74.3%
Who is pursued into the woods by Walkers?Sophia
72.4%
Who tortures Randall for info on his group?Daryl
69.2%
What is the name of the man inside the CDC?Dr Edwin Jenner
69%
Who ends Dale's suffering after he's gutted by a Walker?Daryl
68.8%
Who do Rick,Hershel and Glenn save after the shoot-out?Randall
67.6%
How does Shane escape the Walkers whilst gathering medical supplies with Otis?Shoots Otis and leaves him to the Walkers
67.3%
Who is left beside a tree on the way to the CDC?Jim
66.2%
Question Answer % Correct
Who saves Andrea in the woods?Michonne
65.9%
What possible safe haven is revealed in the final scene of Season 2?A prison
64.8%
Who hacks off Hershel's leg?Rick
64.5%
Who saves Hershel from being jumped by a Walker?Rick
64.1%
Who is the first to die when Walkers attack the group back at camp?Ed
63.8%
During the attack on the farm, who is killed?Jimmy and Patricia
59.6%
Who chooses to stay with Jenner when the CDC explodes?Jacqui
59.5%
What is the name of the town of survivors?Woodbury
52.2%
Who revives Hershel when he passes during recovery?Lori
46.4%
When the group reunite on the Interstate, who suggests heading East towards the coast?T-dog
46.3%
When Andrea and Michonne reach the chopper crash, who gets there first?The Governor and his men
45%
Which of the surviving prisoners utters the words 'Holy ****!' upon finding the group in their prison?Axel
41.9%
How do the group evade a herd of Walkers on the Interstate?Hide under vehicles and Walkers
41.2%
Who's voice does Andrea hear when she has gun to her head?Merle
40%
What happens when Rick and Shane fight whilst abandoning Randall?They are attacked by Walkers
35.4%
What is the name of Morgan's un-dead wife?Jenny
32%
Who sets a Walker on Rick whilst clearing a cell block?Tomas
31.9%
What does Rick reveal to the group after they stop to look for gas?They're all infected
31.3%
What alarming discovery do Daryl and Glenn make whilst examining Randall's corpse? He wasn't bitten by a Walker
28.1%
Who are the two survivors Rick shoots in the bar whilst looking for Hershel?Dave and Tony
26.8%
Where are the rest of Glenn's group hiding out?Quarry
23.7%
Who is the leader of the gang that kidnaps Glenn?Guillermo
20.8%
Where have Andrea and Michonne been staying?A meat-locker
13.1%

You're not logged in!

Compare scores with friends on all Sporcle quizzes.
Join for Free
OR
Log In

You Might Also Like...

Show Comments

Extras

Top Quizzes Today


Score Distribution

Your Account Isn't Verified!

In order to create a playlist on Sporcle, you need to verify the email address you used during registration. Go to your Sporcle Settings to finish the process.

Report this User

Report this user for behavior that violates our Community Guidelines.

Details: